000 00482cam a22001337a 4500
008 180718b1981 xxu||||| |||| 00| 0 eng d
082 _aXA B575
245 _aProblem cities in search of solutions : Delhi- Nairobi- - Lusaka
_cedited by Thomas L. Blair
260 _aLondon
_bSchool of environment
_c1981
300 _a6v,xiii,159p
650 _aCities and Towns - Growth I. The polytechnic of central London, School of environment.
650 _aHousing
700 _aBlair, Thomas L.
999 _c414517
_d414517